ბათუმის შოთა რუსთაველის სახელმწიფო უნივერსიტეტის ბიბლიოთეკა

სატყეო ტაქსაცია. (ბიბ.ჩანაწერი № 35372)

000 -LEADER
fixed length control field 00726nam a2200217Ia 4500
001 - CONTROL NUMBER
control field 1225
003 - CONTROL NUMBER IDENTIFIER
control field GE_BSU
008 - FIXED-LENGTH DATA ELEMENTS--GENERAL INFORMATION
fixed length control field 181216s||||||||xx |||||||||||||| ||und||
040 ## - CATALOGING SOURCE
Transcribing agency GE_BSU
080 ## - UNIVERSAL DECIMAL CLASSIFICATION NUMBER
Universal Decimal Classification number 630(075.3)
100 ## - MAIN ENTRY--PERSONAL NAME
Personal name აფციაური, შ. სეხნიაშვილი, ი.
245 ## - TITLE STATEMENT
Title სატყეო ტაქსაცია.
245 ## - TITLE STATEMENT
Remainder of title სახელმძღვანელო სატყეო ტექნიკუმებისათვის.
260 ## - PUBLICATION, DISTRIBUTION, ETC.
Place of publication, distribution, etc. თბილისი.
260 ## - PUBLICATION, DISTRIBUTION, ETC.
Name of publisher, distributor, etc. განათლება.
260 ## - PUBLICATION, DISTRIBUTION, ETC.
Date of publication, distribution, etc. 1968.
300 ## - PHYSICAL DESCRIPTION
Extent 236 გვ. 25 სმ.
653 ## - INDEX TERM--UNCONTROLLED
Uncontrolled term სატყეო ტაქსაცია.
942 ## - ADDED ENTRY ELEMENTS (KOHA)
Koha item type წიგნი
ეგზემპლარები
Withdrawn status Lost status Damaged status Not for loan Date acquired Barcode Date last seen Price effective from Koha item type
        2018-12-17 2907 2018-12-17 2018-12-17 წიგნი